| 000 | 00565nam a22001937a 4500 | ||
|---|---|---|---|
| 003 | OSt | ||
| 005 | 20260425022754.0 | ||
| 008 | 260425b |||||||| |||| 00| 0 eng d | ||
| 020 | _a0-07-121102-0 | ||
| 040 |
_aDWCL-Main lib. _cOC |
||
| 082 | _aCirc. 621.3 F495 2000 | ||
| 100 | _aFink, Donald G. | ||
| 245 |
_aStandard handbook for electrical engineers/ _cDonald G. Fink |
||
| 260 |
_bMcGraw-Hill, _cc2000 |
||
| 504 | _aincludes index | ||
| 650 | _aEngineering - Handbooks, manuals, etc. | ||
| 700 | _aBeaty, H. Wayne | ||
| 942 |
_2ddc _cBK-CIRC _hCirc. _n0 |
||
| 999 |
_c9890 _d9890 |
||